| 000 | 00537nam a2200193 a 4500 | ||
|---|---|---|---|
| 001 | 1774865107979 | ||
| 003 | YourLibrary | ||
| 005 | 20260330153907.0 | ||
| 008 | 260330s1987##################000#0#eng## | ||
| 020 | _a9780859892094 | ||
| 082 | 0 | 4 |
_a355.709423 _bSTA |
| 100 | 1 |
_aHigham, Robert, _eauthor. |
|
| 245 | 1 | 0 | _aSecurity and Defence in South-West England Before 1800 : |
| 260 |
_bUniversity of Exeter Press, _c1987. |
||
| 300 | _a116 pages | ||
| 650 | 0 | _aHistory. | |
| 942 | _cENGLISH | ||
| 040 |
_aYourLibrary _beng _cYourLibrary |
||
| 999 |
_c618403 _d618403 |
||